Born in Des Moines/Iowa - Statistics

General Stats
  • This quiz has been taken 20 times
    12 since last reset
  • The average score is 3 of 11
Answer Stats
Hint Answer % Correct
Point guard who plays for the WNBA's Indiana Fecer and is the NCAA Division I all-time leading scorer and was a two-time national player of the year with the Iowa Hawkeyes 2002 Caitlin Clark
86%
Actress, "The Last Picture Show" "Malcolm in the Middle" "The Mary Tyler Moore Show" 1926 Cloris Leachman
57%
Actor, "Malcolm in the Middle" "Big Time Rush" "Ellen" 1961 David Anthony Higgins
29%
Senator from Oklahoma from 1994 until 2023 1934 Jim Inhofe
29%
Actor, "Airplane!" "The Kentucky Fried Movie", he died from AIDS-related complications at the age of 38 1947 Stephen Stucker
29%
Announcer of "The Tonight Show Starring Jimmy Fallon" 1963 Steve Higgins
29%
Singer and member of "TLC" 1970 T-Boz
29%
Co-founder and CEO of Pinterest 1982 Ben Silbermann
14%
Actor, known for his role as Superman in "Superman Returns" 1979 Brandon Routh
14%
General manager of the Indiana Pacers since 2017 1972 Chad Buchanan
14%
Former gymnast and winner of a Olympic gold medal at the 2008 Olympics 1992 Shawn Johnson East
14%
No matching quizzes found
Score Distribution
Percent of People with Each Score
Percentile by Number Answered
Your Score History
You have not taken this quiz since the last reset